[Event "Schwarzacher Open A"]
[Site "Schwarzach"]
[Date "1999.08.22"]
[Round "2.11"]
[White "Bachofner, Andreas"]
[Black "Sandner, Gunter"]
[Result "0-1"]
[WhiteElo "2174"]
[BlackElo "2374"]
[PlyCount "46"]
[EventDate "1999.08.??"]

1. e4 c5 2. Nf3 Nc6 3. d4 cxd4 4. Nxd4 Nf6 5. Nc3 e5 6. Ndb5 d6 7. Bg5 a6 8.
Na3 b5 9. Bxf6 gxf6 10. Nd5 f5 11. Bd3 Be6 12. c3 Bg7 13. Qh5 O-O {#} 14. exf5
Bxd5 15. f6 e4 16. fxg7 Re8 17. Qxd5 exd3+ 18. Kf1 Ne5 19. Rd1 Qh4 20. g3 Qh3+
21. Qg2 Qg4 22. f3 Nxf3 23. Rxd3 Ne1 0-1

[Event "Schwarzacher Open A"]
[Site "Schwarzach"]
[Date "1999.08.22"]
[Round "2.12"]
[White "Jurkovic, Hrvoje"]
[Black "Martin, Andreas"]
[Result "0-1"]
[WhiteElo "2370"]
[BlackElo "2163"]
[PlyCount "80"]
[EventDate "1999.08.??"]

1. e4 e6 2. Nc3 d5 3. Nf3 Nf6 4. e5 Nfd7 5. d4 c5 6. dxc5 Nc6 7. Bf4 Be7 8. h4
Nxc5 9. h5 a6 10. Bd3 f5 11. exf6 Bxf6 12. h6 g6 13. Qe2 O-O {#} 14. Ne5 Bxe5
15. Bxe5 d4 16. O-O-O dxc3 17. Bxc3 Qg5+ 18. Kb1 Nxd3 19. Rxd3 Qc5 20. Qe4 e5
21. Rd5 Bf5 22. Qxe5 Bxc2+ 23. Ka1 Nxe5 24. Rxc5 Nc6 25. f3 Bf5 26. Bg7 Rfd8
27. g4 Be6 28. Bf6 Rd3 29. Rf1 Re8 30. b3 Bd5 31. f4 Kf7 32. Bb2 Re2 33. f5 g5
34. Rcc1 Rdd2 35. Rcd1 Rxb2 36. Rxd5 Rxa2+ 37. Kb1 Na5 38. Rd7+ Ke8 39. Rd3
Reb2+ 40. Kc1 Nxb3+ 0-1

[Event "Schwarzacher Open A"]
[Site "Schwarzach"]
[Date "1999.08.22"]
[Round "2.13"]
[White "Schmidlechner, Alexander"]
[Black "Dittmar, Peter"]
[Result "0-1"]
[WhiteElo "2164"]
[BlackElo "2363"]
[PlyCount "90"]
[EventDate "1999.08.??"]

1. d4 d5 2. c4 dxc4 3. e4 c5 4. d5 e6 5. Nc3 exd5 6. Nxd5 Ne7 7. Bxc4 Nxd5 8.
Qxd5 Qxd5 9. Bxd5 Be7 10. Be3 Nd7 11. Rc1 O-O 12. Ne2 Re8 13. O-O Nf6 14. Nc3
Be6 15. Bxe6 fxe6 16. e5 Ng4 17. Bf4 Rf8 18. Bg3 h5 19. h3 Nh6 20. Nb5 h4 21.
Bh2 Rad8 22. Rfd1 Bg5 23. Ra1 Nf5 24. Nd6 Nxd6 25. exd6 Bf4 26. Bxf4 Rxf4 27.
Kf1 {#} 27... Rd4 28. Rac1 R8xd6 29. Rxd4 cxd4 30. Rc8+ Kh7 31. Rc7 Rb6 32. b3
Kg6 33. Ke2 Ra6 34. Rxb7 Rxa2+ 35. Kf3 Kf6 36. Rd7 e5 37. Rb7 g6 38. Rc7 a5 39.
Ra7 Kf5 40. Rf7+ Ke6 41. Rf8 Rb2 42. Ke4 Re2+ 43. Kd3 Ke7 44. Ra8 Rxf2 45. Rxa5
Ke6 0-1

[Event "Schwarzacher Open A"]
[Site "Schwarzach"]
[Date "1999.08.22"]
[Round "2.14"]
[White "Brumen, Dinko"]
[Black "Djurkovic, Maks"]
[Result "1-0"]
[WhiteElo "2360"]
[BlackElo "2147"]
[PlyCount "134"]
[EventDate "1999.08.??"]

1. d4 g6 2. g3 Bg7 3. Bg2 d5 4. Nf3 c6 5. O-O Nf6 6. c4 O-O 7. cxd5 cxd5 8. Ne5
Be6 9. Qb3 Qb6 10. Qxb6 axb6 11. Nc3 Nc6 12. Re1 Ra5 13. Nxc6 bxc6 14. b4 Ra7
15. a4 Bd7 16. Bf4 Rfa8 17. Be5 e6 18. Ra2 Ne8 19. Bxg7 Kxg7 20. Rea1 Nc7 21.
e3 Kf8 22. Bf1 Ke7 23. h4 f6 24. a5 b5 25. e4 Na6 26. Rb2 Be8 27. Re1 Kf7 28.
Bh3 Re7 29. exd5 exd5 30. Rxe7+ Kxe7 31. Re2+ Kf7 32. Na2 Rd8 33. Rb2 Bd7 34.
Bf1 Re8 35. Nc1 Re1 36. Nd3 Rd1 37. Kg2 Bf5 38. Nc5 Nxc5 39. dxc5 Be4+ {#} 40.
f3 Bxf3+ 41. Kf2 Ra1 42. Bxb5 cxb5 43. Kxf3 Ra3+ 44. Kf2 Ke6 45. Rc2 Kd7 46.
c6+ Kc7 47. Rc5 d4 48. Rxb5 Kxc6 49. Rb6+ Kd5 50. Rxf6 Ra4 51. Rf7 h5 52. Rf6
Rxb4 53. Rxg6 Rb2+ 54. Kf3 Rb3+ 55. Kf4 Kc4 56. Rc6+ Kd5 57. Rh6 Kc4 58. Rxh5
d3 59. Ke3 Rb2 60. Rh8 Re2+ 61. Kf3 Re5 62. a6 d2 63. Rd8 Kc3 64. a7 Rf5+ 65.
Ke4 Ra5 66. Ke3 Re5+ 67. Kf4 Ra5 1-0

[Event "Schwarzacher Open A"]
[Site "Schwarzach"]
[Date "1999.08.22"]
[Round "2.15"]
[White "Kjeld, Matthias"]
[Black "Vigh, Bela"]
[Result "0-1"]
[WhiteElo "2145"]
[BlackElo "2345"]
[PlyCount "86"]
[EventDate "1999.08.??"]

1. d4 Nf6 2. c4 g6 3. Nc3 Bg7 4. g3 O-O 5. Bg2 d6 6. e4 Nc6 7. Nge2 e5 8. d5
Na5 9. Qd3 c5 10. f4 a6 11. O-O b5 12. b3 exf4 13. Bxf4 Ng4 14. Rab1 Rb8 15.
Kh1 bxc4 16. bxc4 Rb4 17. Rxb4 cxb4 18. Nd1 Ne5 19. Bxe5 Bxe5 20. Nd4 Qb6 21.
Nf3 Bg7 22. Ne3 Nb7 23. Nc2 a5 24. Nfd4 Nc5 25. Qd2 Ba6 26. Rc1 Re8 27. Nc6
Nxe4 28. Bxe4 Rxe4 29. c5 dxc5 30. Qg2 f5 31. Rb1 Bb7 32. Re1 Rxe1+ 33. Nxe1
Qc7 34. Qe2 Qd6 35. Qe8+ Bf8 36. Nf3 Kg7 {#} 37. Nfe5 Qxd5+ 38. Kg1 Bxc6 39.
Nxc6 c4 40. Nd8 Bc5+ 41. Kf1 Qf3+ 42. Ke1 Bf2+ 43. Kd2 Qd3+ 0-1

[Event "Schwarzacher Open A"]
[Site "Schwarzach"]
[Date "1999.08.22"]
[Round "2.16"]
[White "Staller, Peter"]
[Black "Fruehauf, Norbert"]
[Result "1-0"]
[WhiteElo "2310"]
[BlackElo "2140"]
[PlyCount "61"]
[EventDate "1999.08.??"]

1. Nf3 Nf6 2. g3 g6 3. Bg2 Bg7 4. c4 d6 5. d4 O-O 6. O-O Nbd7 7. Nc3 e5 8. e4
c6 9. h3 Qb6 10. Re1 exd4 11. Nxd4 Ne8 12. Nce2 Qa6 13. Bg5 c5 14. Nb5 Bxb2 15.
Rb1 Bf6 16. Bh6 Bg7 17. Bxg7 Kxg7 18. f4 Qxa2 19. Nxd6 Nxd6 20. Qxd6 Qxc4 21.
e5 Nb6 22. Rbc1 Qe6 23. Qxc5 Rd8 24. Nd4 Qa2 {#} 25. e6 Bxe6 26. Nxe6+ fxe6 27.
Qe7+ Kg8 28. Rc7 Rd7 29. Rxd7 Nxd7 30. Qxd7 Qc4 31. Rxe6 1-0

[Event "Schwarzacher Open A"]
[Site "Schwarzach"]
[Date "1999.08.22"]
[Round "2.17"]
[White "Hicker, Harald"]
[Black "Doric, Darko"]
[Result "1-0"]
[WhiteElo "2133"]
[BlackElo "1767"]
[PlyCount "97"]
[EventDate "1999.08.??"]

1. Nf3 d5 2. d4 Nc6 3. Bf4 Nf6 4. h3 Bf5 5. e3 a6 6. Bd3 Bg6 7. a3 e6 8. c4 Bd6
9. Ne5 Bxd3 10. Qxd3 Ne7 11. Nd2 Ng6 12. Nxg6 hxg6 13. Bg5 Be7 14. Rc1 c6 15.
O-O O-O 16. b4 Qd7 17. Rc2 Rfe8 18. Rfc1 Kf8 19. Qb3 Rec8 20. a4 Bd6 21. c5 Bc7
22. f4 {#} 22... Ne4 23. Nxe4 dxe4 24. Rb1 f6 25. Bh4 Ke7 26. b5 axb5 27. axb5
Ra5 28. bxc6 bxc6 29. Rcb2 Rca8 30. Qc2 Qd5 31. Rb7 Kd7 32. Qb2 Kc8 33. Rxc7+
Kxc7 34. Qb7+ Kd8 35. Qxg7 Rb5 36. Bxf6+ Kc8 37. Qf8+ Kb7 38. Qe7+ Kc8 39. Qe8+
Kc7 40. Qe7+ Kc8 41. Rxb5 cxb5 42. Qe8+ Kb7 43. Qxb5+ Kc8 44. Qe8+ Kb7 45. Qxg6
Ra1+ 46. Kh2 Ra3 47. Be5 Rxe3 48. f5 exf5 49. Qb6+ 1-0

[Event "Schwarzacher Open A"]
[Site "Schwarzach"]
[Date "1999.08.22"]
[Round "2.18"]
[White "Reisinger, Heribert"]
[Black "Bagaturov, Giorgi"]
[Result "0-1"]
[WhiteElo "2028"]
[BlackElo "2532"]
[PlyCount "80"]
[EventDate "1999.08.??"]

1. f4 d5 2. Nf3 Nf6 3. e3 g6 4. b3 Bg7 5. Bb2 O-O 6. Be2 b6 7. O-O Bb7 8. Qe1
e6 9. Qh4 c5 10. Na3 Nc6 11. Ne5 d4 12. Bf3 Nd5 13. Qxd8 Rfxd8 14. Nxc6 Bxc6 {#
} 15. e4 Nxf4 16. d3 e5 17. Bc1 Ne6 18. Bg4 Bd7 19. Bd2 h5 20. Bh3 Nf8 21. Bg5
Rdc8 22. Bxd7 Nxd7 23. Rf3 f6 24. Bd2 Rab8 25. h3 b5 26. g4 hxg4 27. hxg4 Bf8
28. Bc1 Be7 29. Rh3 Kg7 30. Bh6+ Kf7 31. Bd2 c4 32. Bc1 c3 33. Rb1 Bb4 34. Ra1
a6 35. Nb1 Be7 36. Na3 Rh8 37. Rxh8 Rxh8 38. Kg2 Rh4 39. Kg3 Rh1 40. Kg2 Rd1
0-1

[Event "Schwarzacher Open A"]
[Site "Schwarzach"]
[Date "1999.08.22"]
[Round "2.19"]
[White "Gorbatow, Alexej"]
[Black "Stoeckl, Norbert"]
[Result "1-0"]
[WhiteElo "2353"]
[BlackElo "2081"]
[PlyCount "83"]
[EventDate "1999.08.??"]

1. c4 Nf6 2. Nf3 g6 3. b4 a5 4. b5 c5 5. g3 b6 6. Bg2 Bb7 7. Bb2 Bg7 8. O-O d6
9. e3 Nbd7 10. d4 O-O 11. d5 Ne8 12. Nc3 e5 13. dxe6 fxe6 14. Qe2 Ra7 15. Rfd1
Qa8 16. Ne1 Bxg2 17. Nxg2 g5 18. f4 gxf4 19. exf4 e5 20. Nd5 Qd8 21. Rf1 Kh8
22. Rad1 Nef6 23. Nxf6 Rxf6 24. Ne3 Qe8 25. f5 h5 26. Nd5 Rf8 {#} 27. f6 Nxf6
28. Nxf6 Bxf6 29. Rxd6 Bg7 30. Rxb6 Rd7 31. Ra6 Kg8 32. Bc3 h4 33. Qg4 h3 34.
Bxa5 e4 35. Bc3 e3 36. Bxg7 Rxg7 37. Qe6+ Qxe6 38. Rxe6 Rg4 39. Rxe3 Rxc4 40.
b6 Rd4 41. b7 Rdd8 42. Ra3 1-0

[Event "Schwarzacher Open A"]
[Site "Schwarzach"]
[Date "1999.08.22"]
[Round "2.20"]
[White "Krauland, Michael"]
[Black "Doric, Nenad"]
[Result "1/2-1/2"]
[WhiteElo "1920"]
[BlackElo "2265"]
[PlyCount "84"]
[EventDate "1999.08.??"]

1. e4 c5 2. Nf3 e6 3. d4 cxd4 4. Nxd4 Nf6 5. Nc3 Nc6 6. Ndb5 Bb4 7. a3 Bxc3+ 8.
Nxc3 d5 9. exd5 exd5 10. Bd3 O-O 11. O-O d4 12. Ne4 Bf5 13. Bg5 Bxe4 14. Bxe4
h6 15. Bxf6 Qxf6 16. Bxc6 bxc6 17. b4 {#} 17... a5 18. Qd2 Rfb8 19. Rad1 Rd8
20. Qd3 axb4 21. axb4 Rab8 22. Rb1 Rd5 23. Rb3 Rdb5 24. Rfb1 Qe5 25. Qd2 Re8
26. h3 Rd5 27. Rd3 Qe4 28. Rd1 Red8 29. Re1 Qg6 30. Rg3 Qf6 31. Rf3 Qd6 32. Qf4
Qxf4 33. Rxf4 Rb8 34. Re7 f5 35. Rc7 Rxb4 36. Rxc6 Rb1+ 37. Kh2 Rc1 38. Rc4 Rd1
39. Rf3 Rd2 40. Kg3 d3 41. Rxd3 R5xd3+ 42. cxd3 Rxd3+ 1/2-1/2

[Event "Schwarzacher Open A"]
[Site "Schwarzach"]
[Date "1999.08.24"]
[Round "3.1"]
[White "Piven, Igor"]
[Black "Burmakin, Vladimir"]
[Result "1/2-1/2"]
[WhiteElo "2387"]
[BlackElo "2579"]
[PlyCount "118"]
[EventDate "1999.08.??"]

1. c4 e6 2. Nf3 d5 3. g3 c6 4. Qc2 Nd7 5. d4 Nb6 6. Nbd2 Bb4 7. c5 Nd7 8. a3
Ba5 9. b4 Bc7 10. e4 dxe4 11. Nxe4 Ngf6 12. Bg2 a5 13. Bb2 Nxe4 14. Qxe4 Nf6
15. Qc2 Nd5 16. Qb3 {#} 16... axb4 17. O-O bxa3 18. Bxa3 O-O 19. Rfe1 Ra7 20.
Ne5 Nf6 21. Rad1 Bd7 22. Bc1 Qa8 23. Bg5 Ra3 24. Qb1 Bxe5 25. dxe5 Nd5 26. Rd4
Qa5 27. Rh4 g6 28. Bxd5 cxd5 29. c6 Bxc6 30. Be7 Ra4 31. Rxa4 Qxa4 32. Bxf8
Kxf8 33. Qa1 Qg4 34. Qd1 Qf5 35. Qd4 Kg7 36. Kg2 g5 37. h3 h5 38. g4 hxg4 39.
hxg4 Qc2 40. Kg3 Qc4 41. Qe3 Kg6 42. Qf3 f5 43. exf6 d4 44. f7 Bxf3 45. f8=Q
Qc7+ 46. Kh3 Bd5 47. Qg8+ Qg7 48. Qxg7+ Kxg7 49. Kg3 b5 50. Rb1 Bc4 51. Kf3 Kf6
52. Ke4 d3 53. Kd4 Ke7 54. Ke5 Kf7 55. Rb2 Ke7 56. Rd2 Kd7 57. Rb2 Ke7 58. Rd2
Kf7 59. Rb2 Kg6 1/2-1/2

[Event "Schwarzacher Open A"]
[Site "Schwarzach"]
[Date "1999.08.23"]
[Round "3.2"]
[White "Sandner, Gunter"]
[Black "Zoler, Dan"]
[Result "1/2-1/2"]
[WhiteElo "2374"]
[BlackElo "2529"]
[PlyCount "71"]
[EventDate "1999.08.??"]

1. d4 Nf6 2. Nf3 b6 3. g3 Bb7 4. Bg2 c5 5. O-O g6 6. c4 cxd4 7. Qxd4 Bg7 8. Nc3
d6 9. Qh4 h6 10. Nd4 Bxg2 11. Kxg2 Qc8 12. Be3 Nbd7 13. b3 Ne5 14. Nf3 Neg4 15.
Bd2 O-O 16. Rac1 {#} 16... g5 17. Qh3 e6 18. Kg1 Qc5 19. Qg2 Rac8 20. h3 Ne5
21. Nxe5 Qxe5 22. f4 gxf4 23. Bxf4 Qc5+ 24. Kh2 Kh7 25. Rcd1 Rfd8 26. Ne4 Nxe4
27. Qxe4+ Kg8 28. Be3 Qe5 29. Qf3 f5 30. Bf4 Qc5 31. e4 Rd7 32. exf5 Qxf5 33.
Rxd6 Rf7 34. Qe2 Re8 35. Rdd1 Qg6 36. Bc1 1/2-1/2

[Event "Schwarzacher Open A"]
[Site "Schwarzach"]
[Date "1999.08.23"]
[Round "3.3"]
[White "Dittmar, Peter"]
[Black "Meijers, Viesturs"]
[Result "0-1"]
[WhiteElo "2363"]
[BlackElo "2472"]
[PlyCount "112"]
[EventDate "1999.08.??"]

1. d4 d5 2. c4 e6 3. Nc3 Nf6 4. cxd5 exd5 5. Bg5 Be7 6. e3 O-O 7. Bd3 Nbd7 8.
Qf3 Re8 9. Nge2 c6 10. h4 Nf8 11. Bxf6 Bxf6 12. O-O-O b5 13. Kb1 a5 14. g4 a4
15. g5 Be7 16. Nf4 Ra7 17. Rdg1 a3 18. b3 Qa5 19. Rc1 g6 20. Nce2 Rc7 21. Rc2
Bb7 22. Rhc1 Rec8 23. Nc3 Kg7 24. Bf1 b4 25. Na4 Rd8 26. Nd3 Nd7 27. Nac5 Nxc5
28. Nxc5 Bc8 29. Bd3 Ra7 30. Rg1 Qc7 31. Rcc1 Kg8 32. Qe2 Ra5 33. Na4 Bd7 34.
Qd2 Rb8 35. Ka1 Bf8 36. Qc2 {#} 36... c5 37. Nxc5 Bxc5 38. dxc5 Qe5+ 39. Kb1
Rxc5 40. Qd2 Rxc1+ 41. Rxc1 Qh2 42. e4 Qxh4 43. exd5 Qd4 44. Rd1 Rd8 45. f3 Qe5
46. Be4 Bf5 47. Qd4 Rxd5 48. Qxe5 Rxe5 49. Bxf5 Rxf5 50. Rd4 Rxg5 51. Rxb4 Rg1+
52. Kc2 Rg2+ 53. Kc3 Rxa2 54. Ra4 h5 55. b4 h4 56. b5 Rb2 0-1

[Event "Schwarzacher Open A"]
[Site "Schwarzach"]
[Date "1999.08.23"]
[Round "3.4"]
[White "Klovans, Janis"]
[Black "Brumen, Dinko"]
[Result "1-0"]
[WhiteElo "2465"]
[BlackElo "2360"]
[PlyCount "77"]
[EventDate "1999.08.??"]

1. e4 e6 2. d4 d5 3. Nc3 Bb4 4. e5 c5 5. a3 Bxc3+ 6. bxc3 Ne7 7. Nf3 Qa5 8. Bd2
c4 9. h4 Qa4 10. h5 h6 11. g3 Nbc6 12. Bh3 Bd7 13. Nh4 O-O-O 14. Ng2 f6 15. Nf4
f5 16. g4 Rdg8 17. gxf5 exf5 {#} 18. e6 Be8 19. Bg2 g5 20. hxg6 Nxg6 21. Nxd5
Nh4 22. Bf1 Ng2+ 23. Bxg2 Rxg2 24. Kf1 Rg7 25. Bf4 Rg6 26. Qe2 Qb5 27. Ne3 Qb2
28. Rd1 Rxe6 29. Qxc4 Re4 30. Be5 Rh7 31. Qe6+ Kd8 32. Qxf5 Rxe3 33. Qxh7 Qb5+
34. Kg1 Ne7 35. Qxh6 Rxc3 36. Qd6+ Qd7 37. Qxd7+ Kxd7 38. Rh7 Ke6 39. d5+ 1-0

[Event "Schwarzacher Open A"]
[Site "Schwarzach"]
[Date "1999.08.23"]
[Round "3.5"]
[White "Vigh, Bela"]
[Black "Balinov, Ilia"]
[Result "1-0"]
[WhiteElo "2345"]
[BlackElo "2448"]
[PlyCount "80"]
[EventDate "1999.08.??"]

1. d4 f5 2. g3 g6 3. Bg2 Nf6 4. c4 Bg7 5. Nc3 O-O 6. Nf3 d6 7. O-O Qe8 8. Qb3
c6 9. Qa3 Na6 10. Rd1 Nc7 11. b3 h6 12. Bb2 g5 13. d5 c5 14. b4 cxb4 15. Qxb4
Na6 16. Qa3 Bd7 17. Rac1 Nc5 18. Nd4 Ng4 {#} 19. Ne6 Bxe6 20. dxe6 Nxe6 21. Bd5
Qh5 22. Bxe6+ Kh7 23. h4 gxh4 24. Na4 Bxb2 25. Nxb2 Rf6 26. Bd5 hxg3 27. Qxg3
f4 28. Qg2 Ne5 29. Nd3 Rf5 30. Qe4 Ng4 31. Kf1 Nf6 32. Qxe7+ Kh8 33. Bf3 Qh3+
34. Ke1 Re8 35. Qxb7 d5 36. Kd2 Ne4+ 37. Kc2 dxc4 38. Bxe4 cxd3+ 39. exd3 Rc5+
40. Kb2 Rxe4 1-0

[Event "Schwarzacher Open A"]
[Site "Schwarzach"]
[Date "1999.08.23"]
[Round "3.6"]
[White "Martin, Andreas"]
[Black "Tratar, Marko"]
[Result "1/2-1/2"]
[WhiteElo "2163"]
[BlackElo "2442"]
[PlyCount "149"]
[EventDate "1999.08.??"]

1. d4 Nf6 2. Nf3 g6 3. c4 Bg7 4. Nc3 O-O 5. g3 d6 6. Bg2 Nbd7 7. O-O e5 8. e4
a6 9. h3 b5 10. dxe5 dxe5 11. Qe2 c6 12. a3 Qe7 13. cxb5 axb5 14. Be3 Ne8 15.
Qc2 Bb7 16. Rad1 Nc7 17. Rd2 Ne6 18. Rfd1 Rfd8 19. h4 Ndf8 20. Bb6 Rxd2 21.
Qxd2 b4 22. Nb1 c5 23. axb4 cxb4 24. Qc2 Nd7 25. Be3 Ndc5 26. Nbd2 Rc8 27. Rc1
Qd7 28. Qb1 Qd3 29. Ne1 Qxb1 30. Rxb1 Nd4 31. f3 Ba6 32. Bf1 Bxf1 33. Kxf1 Ncb3
34. Nxb3 Nxb3 35. Ke2 Bf8 36. Rd1 Bc5 37. Nd3 Bd6 38. Nc1 Nxc1+ 39. Rxc1 Ra8
40. Rc6 Be7 41. Kd3 Rd8+ 42. Kc2 f6 43. Rc7 Bd6 44. Rb7 Bf8 45. Ba7 Rc8+ 46.
Kd1 Rd8+ 47. Ke2 Rc8 {#} 48. Rb8 Rxb8 49. Bxb8 b3 50. f4 Ba3 51. fxe5 Bxb2 52.
exf6 Bxf6 53. Kd3 Kf7 54. e5 Bd8 55. Kc3 h6 56. Kxb3 Ke6 57. Kc4 Bb6 58. Kd3
Bf2 59. Ke4 Bxg3 60. Bc7 Bxh4 61. Kf4 Be7 62. Bb6 h5 63. Bd4 g5+ 64. Ke4 h4 65.
Bf2 h3 66. Bg3 Bc5 67. Bh2 Bb6 68. Kf3 Kf5 69. Kg3 g4 70. e6 Bc5 71. Kh4 Be7+
72. Kh5 Bg5 73. Bg3 Bd8 74. Bh2 Bf6 75. Bg3 1/2-1/2

[Event "Schwarzacher Open A"]
[Site "Schwarzach"]
[Date "1999.08.23"]
[Round "3.7"]
[White "Bagaturov, Giorgi"]
[Black "Staller, Peter"]
[Result "1-0"]
[WhiteElo "2532"]
[BlackElo "2310"]
[PlyCount "41"]
[EventDate "1999.08.??"]

1. d4 d5 2. c4 c6 3. Nc3 Nf6 4. e3 e6 5. Nf3 Nbd7 6. Bd3 dxc4 7. Bxc4 b5 8. Bd3
Bb7 9. e4 b4 10. Na4 c5 11. e5 Nd5 12. O-O cxd4 13. Nxd4 g6 14. Qg4 a6 {#} 15.
Nxe6 Qe7 16. Nxf8 Kxf8 17. Bh6+ Kg8 18. Rfe1 Re8 19. e6 N7f6 20. exf7+ Qxf7 21.
Qd4 1-0

[Event "Schwarzacher Open A"]
[Site "Schwarzach"]
[Date "1999.08.23"]
[Round "3.8"]
[White "Shchekachev, Andrei"]
[Black "Hoellrigl, Wilfried"]
[Result "1-0"]
[WhiteElo "2505"]
[BlackElo "2225"]
[PlyCount "81"]
[EventDate "1999.08.??"]

1. c4 Nf6 2. Nf3 g6 3. Nc3 Bg7 4. e4 d6 5. d4 O-O 6. Be2 e5 7. O-O Nc6 8. d5
Ne7 9. b4 Nh5 10. Re1 a5 11. bxa5 Rxa5 12. Nd2 Nf4 13. Bf1 c5 14. a4 f5 15. g3
Nh5 16. exf5 Nxf5 17. Nde4 h6 18. Bg2 Nd4 19. Nb5 Ra6 20. Ra2 Nf6 21. Be3 Bf5
22. Nxf6+ Qxf6 {#} 23. Nc7 Rb6 24. Ne6 Nxe6 25. dxe6 e4 26. a5 Ra6 27. Qd5 Qxe6
28. Qxb7 Qxc4 29. Bf1 Qxa2 30. Qxa6 Kh8 31. Bc4 Qa3 32. Rb1 Qc3 33. Rc1 Qa3 34.
Bd5 h5 35. h4 Rd8 36. Qb6 Bf6 37. a6 Rd7 38. Bb7 Bd4 39. Bxd4+ cxd4 40. Qxd4+
Kh7 41. Ra1 1-0

[Event "Schwarzacher Open A"]
[Site "Schwarzach"]
[Date "1999.08.23"]
[Round "3.9"]
[White "Renner, Christoph"]
[Black "Sebenik, Matej"]
[Result "1/2-1/2"]
[WhiteElo "2448"]
[BlackElo "2194"]
[PlyCount "78"]
[EventDate "1999.08.??"]

1. e4 c5 2. g3 d5 3. exd5 Qxd5 4. Nf3 Nc6 5. Nc3 Qe6+ 6. Qe2 Qxe2+ 7. Bxe2 Bf5
8. Bb5 e6 9. Bxc6+ bxc6 10. d3 c4 11. Nh4 cxd3 12. Nxf5 exf5 13. cxd3 O-O-O 14.
Be3 Kb7 15. O-O-O Nf6 16. Bg5 Bc5 17. Rhe1 Rde8 18. Bxf6 Rxe1 19. Rxe1 gxf6 {#}
20. f3 h5 21. Rf1 h4 22. g4 h3 23. Nd1 Rg8 24. Nf2 Bxf2 25. Rxf2 fxg4 26. fxg4
Rxg4 27. Kd2 Kc7 28. Ke3 Rg6 29. a3 Kd7 30. Rf3 Rg2 31. Rxh3 Rxb2 32. Rh4 Kd6
33. Rd4+ Ke5 34. h4 f5 35. Ra4 Rh2 36. Ra5+ Ke6 37. Rxa7 Rxh4 38. Rc7 Kd6 39.
Rxf7 Ra4 1/2-1/2

[Event "Schwarzacher Open A"]
[Site "Schwarzach"]
[Date "1999.08.23"]
[Round "3.10"]
[White "Soln, Primoz"]
[Black "Wolter, Michael"]
[Result "1/2-1/2"]
[WhiteElo "2411"]
[BlackElo "2212"]
[PlyCount "87"]
[EventDate "1999.08.??"]

1. d4 e6 2. c4 Nf6 3. Nc3 c5 4. d5 exd5 5. cxd5 d6 6. e4 g6 7. Bd3 Bg7 8. Nge2
O-O 9. O-O Ng4 10. h3 Ne5 11. Bc2 Na6 12. a3 Rb8 13. f4 Nc4 14. b3 Na5 15. f5
b5 16. Bb2 Be5 17. Qc1 Qh4 18. Nd1 c4 19. Bxe5 dxe5 20. b4 Nb7 21. f6 Nd6 {#}
22. Qe3 Rb6 23. g3 Qxh3 24. Nf2 Qd7 25. Qg5 Ne8 26. Qxe5 Nxf6 27. Rad1 Re8 28.
Qf4 Nh5 29. Qf3 Rf6 30. Nf4 Re5 31. Qc3 Qd6 32. N2d3 cxd3 33. Qxc8+ Kg7 34.
Rxd3 Rg5 35. Nh3 Rxf1+ 36. Kxf1 Nxg3+ 37. Rxg3 Qxg3 38. Nf2 Qg1+ 39. Ke2 Rg2
40. Qc3+ f6 41. Qe3 Qxf2+ 42. Qxf2 Rxf2+ 43. Kxf2 Nb8 44. d6 1/2-1/2

[Event "Schwarzacher Open A"]
[Site "Schwarzach"]
[Date "1999.08.23"]
[Round "3.11"]
[White "Jocys, Dalius"]
[Black "Gorbatow, Alexej"]
[Result "0-1"]
[WhiteElo "2217"]
[BlackElo "2353"]
[PlyCount "114"]
[EventDate "1999.08.??"]

1. d4 a6 2. g3 c5 3. dxc5 Qa5+ 4. Nc3 e6 5. Nf3 Nf6 6. Nd2 Qxc5 7. Bg2 d5 8. e4
dxe4 9. Ncxe4 Nxe4 10. Nxe4 Qc7 11. O-O Be7 12. Bf4 e5 13. Bg5 Bxg5 14. Nxg5
O-O 15. Qd3 g6 16. Rad1 Nc6 17. Qd6 Qxd6 18. Rxd6 Bf5 19. Ne4 Rfd8 20. Rfd1 Kf8
21. c3 Ke7 22. Rxd8 Rxd8 23. Rxd8 Nxd8 24. Nc5 Bc8 25. Kf1 f5 26. Ke2 Kd6 27.
b4 b6 28. Na4 Kc7 29. Nb2 Be6 30. a3 g5 31. Ke3 Nf7 32. Bf1 b5 33. c4 Nd6 34.
c5 f4+ 35. Ke2 Nf5 36. gxf4 gxf4 37. Nd3 Nd4+ 38. Kd1 Bc4 39. f3 Nxf3 40. Bg2
Bxd3 41. Bxf3 Bf5 42. Bd5 e4 43. Ke1 e3 44. Ke2 Bg4+ 45. Kd3 Bh3 46. Ke2 h5 47.
Be4 h4 48. Bd5 Bg4+ 49. Kd3 h3 50. Be4 Be6 51. Ke2 Bc4+ 52. Ke1 Kd8 53. Bf3 Ke7
54. Kd1 Bf1 55. Bb7 Bg2 56. Bxa6 {#} 56... f3 57. Bxb5 f2 0-1

[Event "Schwarzacher Open A"]
[Site "Schwarzach"]
[Date "1999.08.23"]
[Round "3.12"]
[White "Hicker, Harald"]
[Black "Ter-Minasjan, Dmitry"]
[Result "1-0"]
[WhiteElo "2133"]
[BlackElo "2292"]
[PlyCount "92"]
[EventDate "1999.08.??"]

1. Nf3 d5 2. d4 Nf6 3. c4 c6 4. cxd5 cxd5 5. Nc3 Nc6 6. Bf4 a6 7. e3 Bg4 8. h3
Bxf3 9. Qxf3 e6 10. Bd3 Rc8 11. Rc1 Bd6 12. O-O Bxf4 13. Qxf4 O-O 14. Na4 Nd7
15. Qd6 Ndb8 16. Qxd8 Rfxd8 17. Nb6 Rc7 18. Rc5 Kf8 19. b4 Ke7 20. Rfc1 Nd7 21.
Nxd7 Kxd7 22. a4 Rdc8 23. b5 axb5 24. axb5 Na5 25. Rxc7+ Rxc7 26. Rxc7+ Kxc7 {#
} 27. Bxh7 Nc4 28. g4 g5 29. f4 f6 30. fxg5 fxg5 31. Kf2 Kd7 32. e4 dxe4 33.
Bxe4 b6 34. Kg3 e5 35. dxe5 Nxe5 36. h4 gxh4+ 37. Kxh4 Ke7 38. Kg5 Nf7+ 39. Kg6
Ne5+ 40. Kf5 Nc4 41. Bd3 Ne3+ 42. Kf4 Ng2+ 43. Ke5 Ne3 44. g5 Nd1 45. Kd5 Nb2
46. Bc2 Kd7 1-0

[Event "Schwarzacher Open A"]
[Site "Schwarzach"]
[Date "1999.08.23"]
[Round "3.13"]
[White "Wersching, Alfred"]
[Black "Jurkovic, Hrvoje"]
[Result "0-1"]
[WhiteElo "2111"]
[BlackElo "2370"]
[PlyCount "60"]
[EventDate "1999.08.??"]

1. d4 d5 2. c4 Nc6 3. cxd5 Qxd5 4. Nf3 e5 5. Nc3 Bb4 6. Bd2 Bxc3 7. Bxc3 e4 8.
Nd2 {#} 8... e3 9. fxe3 Nf6 10. Qb3 Be6 11. Qxd5 Bxd5 12. h3 O-O-O 13. Rg1 h5
14. e4 Nxe4 15. Nxe4 Bxe4 16. e3 Rhe8 17. Kf2 Ne7 18. g3 Rd6 19. Re1 Rf6+ 20.
Ke2 Nd5 21. Bd2 Rb6 22. b3 Ra6 23. Ra1 Rae6 24. Kf2 Rf6+ 25. Ke2 g5 26. g4 hxg4
27. hxg4 Rh8 28. Ke1 Rh2 29. Bc4 Rff2 {#} 30. Bxd5 Re2+ 0-1

[Event "Schwarzacher Open A"]
[Site "Schwarzach"]
[Date "1999.08.23"]
[Round "3.14"]
[White "Hardicsay, Peter"]
[Black "Pammer, Andreas"]
[Result "1/2-1/2"]
[WhiteElo "2304"]
[BlackElo "2092"]
[PlyCount "47"]
[EventDate "1999.08.??"]

1. c4 Nf6 2. Nc3 d5 3. cxd5 Nxd5 4. g3 g6 5. Bg2 c6 6. Nf3 Bg7 7. O-O O-O 8. e4
Nb6 9. h3 e5 10. d3 Qd6 11. Qe2 Na6 12. Rd1 c5 13. Be3 h6 14. Rac1 Be6 15. Kh2
Rfd8 16. Bf1 Rac8 17. b3 Qd7 18. Nd2 Rc7 19. Nc4 Nc8 20. f4 f6 21. Bf2 Ne7 22.
Ne3 b6 23. fxe5 fxe5 {#} 24. g4 1/2-1/2

[Event "Schwarzacher Open A"]
[Site "Schwarzach"]
[Date "1999.08.23"]
[Round "3.15"]
[White "Rolletschek, Heinrich"]
[Black "Burger, Andreas"]
[Result "1-0"]
[WhiteElo "2291"]
[BlackElo "2090"]
[PlyCount "83"]
[EventDate "1999.08.??"]

1. e4 e6 2. d3 d5 3. Nd2 Nf6 4. g3 b6 5. Bg2 Bb7 6. e5 Nfd7 7. f4 c5 8. Ngf3
Nc6 9. c3 Qc7 10. Qe2 Be7 11. Nb3 Ba6 12. Be3 O-O 13. O-O f6 14. exf6 Bxf6 15.
Qd2 Rad8 16. Rfe1 Rfe8 17. d4 c4 18. Nc1 Bc8 19. Ne2 b5 20. Ne5 Nb6 21. Kh1 a5
22. a3 g6 23. Ng1 Ne7 24. g4 a4 25. Bf2 Nd7 26. Ngf3 Nf8 27. Bg3 Qb7 28. Re2
Nc6 29. Bh4 Bxh4 30. Nxh4 Nxe5 31. fxe5 Qg7 32. g5 Nd7 {#} 33. Bh3 Nb8 34. Rf1
Rf8 35. Rf6 Nc6 36. Ng2 Ne7 37. Nf4 Nf5 38. Nxe6 Bxe6 39. Rxe6 Nh4 40. Rf6 Rde8
41. Qf4 Rxf6 42. exf6 1-0

[Event "Schwarzacher Open A"]
[Site "Schwarzach"]
[Date "1999.08.23"]
[Round "3.16"]
[White "Kerschenbauer, Franz"]
[Black "Hanko, Pavol"]
[Result "0-1"]
[WhiteElo "2070"]
[BlackElo "2266"]
[PlyCount "80"]
[EventDate "1999.08.??"]

1. g3 g6 2. Bg2 Bg7 3. d3 c5 4. Nd2 Nc6 5. e3 e6 6. Ne2 Nge7 7. a3 O-O 8. Rb1
Rb8 9. b3 d5 10. O-O b5 11. Bb2 e5 12. h3 Be6 13. Qc1 Qd7 14. Kh2 Rfc8 15. f4
f6 16. Nf3 d4 17. e4 h6 18. Nh4 g5 19. fxe5 fxe5 {#} 20. Nf5 Bxf5 21. exf5 Nxf5
22. Rxf5 Qxf5 23. Qg1 Ne7 24. g4 Qd7 25. Be4 Rf8 26. Ng3 Rb6 27. Rf1 Rbf6 28.
Rxf6 Rxf6 29. Qg2 Qe6 30. Nh5 Rf8 31. Bc1 Kh8 32. h4 Rg8 33. hxg5 hxg5 34. Nxg7
Rxg7 35. Bxg5 Rxg5 36. Qh3+ Kg8 37. Qh7+ Kf8 38. Qh8+ Rg8 39. Qh5 Qxg4 40. Qh6+
Qg7 0-1